[Event "Lozovatsky Memorial-A 2019"]
[Site "Chelyabinsk"]
[Date "2019.01.20"]
[Round "9"]
[White "Sivuk, Vitaly"]
[Black "Simantsev, Mikhail"]
[Result "1-0"]
[WhiteElo "2552"]
[BlackElo "2401"]
[Annotator "TA"]
[PlyCount "79"]
[EventDate "2019.01.12"]
[EventType "tourn"]
[EventCountry "RUS"]
[SourceTitle "playchess.com"]
[Source "ChessBase"]
[SourceQuality "1"]

{[%evp 27,79,-34,-35,-85,-92,-85,-95,-58,0,-1,-1,-3,0,0,0,0,0,0,0,0,0,0,0,0,0,0,0,0,0,0,0,0,0,0,0,0,0,0,404,8,404,404,404,381,381,378,370,369,358,322,1589,1158,970,881]} 1. e4 e5 2. Nf3 Nc6 3. Bc4 Bc5 4. O-O Nf6 5. d4 Bxd4 6. Nxd4 Nxd4 7. f4 d6 8. fxe5 dxe5 9. Bg5 Qe7 10. Na3 {C50: Hungarian Defence and Giuoco Pianissimo} Be6 11. c3 Bxc4 (11... Nc6 12. Kh1 h6 13. Bxf6 gxf6 14. Bb3 Rg8 15. Nc2 Rg6 16. Ne3 Rd8 17. Qe2 a6 {½-½ (54) Saric,I (2680)-Miton,K (2601) Doha 2014}) 12. Bxf6 gxf6 13. Nxc4 Ne6 14. Kh1 Qc5 {LiveBook: 3 Games} 15. Qb3 {[#]} O-O-O $1 16. Rxf6 {[#]} Rhg8 $1 17. Raf1 Ng5 (17... b5 $15 18. Na3 a6) 18. Qb4 $146 {[%mdl 2048] White is not keeping still} Qxb4 19. cxb4 Nxe4 20. Rxf7 Nd2 21. Nxd2 Rxd2 22. Rxh7 {[%mdl 4096] Endgame KRR-KRR} e4 23. g3 Rxb2 24. a3 Rd8 25. Re7 Re2 26. Kg1 e3 27. b5 a6 28. bxa6 bxa6 29. Rc1 $1 {[%cal Rc1c7]} Rdd2 {And now ...Rg2+ would win.} 30. Rexc7+ Kb8 {( -> ...Rg2+)} 31. Rh7 Rg2+ 32. Kh1 {Rf1 is the strong threat.} Rdf2 $2 {[%mdl 8192]} (32... Rgf2 $11 33. Rb1+ Kc8) 33. Rc3 $2 (33. Rc6 $18 e2 34. Re6 Rxh2+ 35. Rxh2 Rf1+ 36. Kg2) 33... e2 $2 {[%mdl 8192]} (33... Re2 $11) 34. Re3 $18 {[%cal Re3e8]} Rxh2+ 35. Rxh2 Rf1+ 36. Kg2 e1=Q 37. Rxe1 Rxe1 38. Rh4 Kb7 $2 (38... Kc8 39. Ra4 Re6) 39. Rc4 Kb6 40. a4 {Precision: White = 73%, Black = 56%.} 1-0

[Event "Lozovatsky Memorial-A 2019"]
[Site "Chelyabinsk"]
[Date "2019.01.20"]
[Round "9"]
[White "Drygalov, Sergey"]
[Black "Gutenev, Alexander"]
[Result "1-0"]
[WhiteElo "2442"]
[BlackElo "2456"]
[Annotator "TA"]
[PlyCount "145"]
[EventDate "2019.01.12"]
[EventType "tourn"]
[EventCountry "RUS"]
[SourceTitle "playchess.com"]
[Source "ChessBase"]
[SourceQuality "1"]

{[%evp 9,145,4,20,-21,-22,-37,-39,-51,-22,-54,-15,-24,35,31,37,29,43,39,41,20,56,56,56,56,56,56,56,58,56,47,73,73,66,3,66,66,78,78,78,78,78,73,70,67,96,96,96,50,96,96,118,96,96,96,96,96,96,96,96,96,96,96,96,96,96,96,96,96,96,96,96,96,96,96,96,0,96,96,96,0,0,0,175,162,293,290,670,677,652,644,675,450,530,491,510,450,449,425,424,403,325,0,0,0,0,0,0,0,0,0,0,0,0,0,0,0,0,0,0,0,0,0,1408,1202,29968,29969,29969,29970,29969,29969,29970,29971,29970,29964,29970,29972,29975,29976]} 1. d4 Nf6 2. c4 b6 3. f3 Nc6 4. e4 e5 5. d5 Bb4+ 6. Nc3 $146 {A50: Queen's Fianchetto Defence (1 d4 Nf6 2 c4 b6)} (6. Nd2 $5 {[%cal Rd5c6]}) ({Predecessor:} 6. Bd2 Bxd2+ 7. Qxd2 Ne7 8. Nc3 d6 9. O-O-O O-O 10. h4 a6 11. Kb1 {½-½ (30) Vitiugov,N (2725)-Ehlvest,J (2535) Berlin 2015}) 6... Bxc3+ $1 7. bxc3 Na5 8. Bd3 {Black is slightly better.} Qe7 9. Qe2 Nh5 10. g3 g6 (10... d6 $11) 11. Nh3 $14 d6 12. Nf2 O-O 13. Bh6 Ng7 14. h4 f5 15. O-O-O Nh5 16. Bxf8 Qxf8 17. Rhg1 f4 $1 {[%cal Rf4g3]} 18. g4 Ng3 19. Qd2 h6 20. c5 dxc5 21. g5 (21. c4 $14) 21... h5 (21... c4 $11 22. Bf1 hxg5) 22. c4 Qd6 23. Qc3 Ba6 24. Rd2 $36 {[%mdl 2048] White has strong initiative.} Re8 25. Nd1 Qd7 {Threatening ...Qh3.} 26. Rgg2 Qh3 27. Rh2 Qd7 28. Nb2 Bc8 29. Rd1 Qe7 30. Bc2 Bd7 31. Nd3 Nb7 32. Qa3 a5 33. Ba4 Bxa4 34. Qxa4 Nd6 35. Qc2 Kf8 36. Qc3 Kg8 37. Re1 Kf8 38. Rc2 Kg8 39. Kb1 Nb7 40. Ka1 Nd6 41. Qa3 Qd7 42. Qc3 Qe7 43. Rb1 Kf7 44. Nxc5 (44. a3 $16) 44... bxc5 $11 45. Qxa5 {[#]} Qd7 $2 (45... Ndxe4 $1 $11 {[%mdl 512] and Black has nothing to worry.} 46. fxe4 Nxe4) 46. Qxc5 $18 Re7 (46... Ndxe4 $142 47. fxe4 Nxe4) 47. Qb4 Qh3 $2 (47... Ndxe4 48. fxe4 Nxe4) 48. c5 Ne8 49. a4 Nf1 50. d6 Ne3 51. Qb3+ Qe6 52. dxe7 Qxb3 53. Rxb3 Nxc2+ 54. Kb2 Nd4 {[#]} 55. Ra3 $2 (55. Rb8 $1 $18) 55... c6 $1 $11 56. a5 {Threatens to win with a6.} Nb5 57. Ra1 (57. Ra4 {keeps more tension.} Nec7 58. a6 Na7 59. Ra1 Kxe7 60. Kb3) 57... Kxe7 58. a6 {Black must now prevent a7.} Na7 $1 59. Kc3 Kd7 60. Kb4 Kc7 61. Ka5 Nb5 62. Rd1 Na7 63. Rb1 {Threatening mate with Rb7+.} Nb5 64. Rxb5 cxb5 65. Kxb5 {[%mdl 4096] Endgame KN-KP} Kb8 $2 {[%mdl 8192]} (65... Kd7 $11) 66. Kb6 Nc7 67. a7+ {White mates.} Kc8 68. Kc6 Kd8 {[#]} 69. Kd6 $1 {[%cal Rd6e5]} Nb5+ 70. Kxe5 Nxa7 71. Kf6 Nc6 72. Kxg6 Ne5+ 73. Kh7 {Accuracy: White = 80%, Black = 50%.} 1-0

[Event "Lozovatsky Memorial-A 2019"]
[Site "Chelyabinsk"]
[Date "2019.01.20"]
[Round "9"]
[White "Bezgodov, Alexei"]
[Black "Korneev, Oleg"]
[Result "1-0"]
[WhiteElo "2441"]
[BlackElo "2545"]
[Annotator "TA"]
[PlyCount "77"]
[EventDate "2019.01.12"]
[EventType "tourn"]
[EventCountry "RUS"]
[SourceTitle "playchess.com"]
[Source "ChessBase"]
[SourceQuality "1"]

{[%evp 23,77,29,47,33,33,29,33,-30,-26,-25,-25,-30,9,0,0,0,0,0,0,0,0,0,21,21,16,26,26,17,17,17,17,17,25,22,86,51,62,69,68,58,58,59,107,106,98,44,52,20,105,105,136,131,216,216,29959,29961]} 1. e4 e5 2. Nf3 Nc6 3. Bb5 Nf6 4. O-O Nxe4 5. Re1 Nd6 6. Nxe5 Be7 7. Bf1 Nxe5 8. Rxe5 O-O 9. d4 Ne8 {C67: Ruy Lopez: Berlin Defence: 4 0-0 Nxe4} (9... Bf6 10. Re1 Re8 11. c3 Rxe1 12. Qxe1 Ne8 13. Bf4 d5 14. Bd3 g6 15. Nd2 Ng7 16. Qe2 c6 17. Re1 Bf5 18. Bxf5 Nxf5 {½-½ (26) Amin,B (2709)-Bacrot,E (2677) Zagreb 2018}) 10. d5 c6 11. Nc3 d6 12. Re1 c5 {LiveBook: 3 Games} 13. Qe2 Bf6 14. Ne4 Bf5 15. Bf4 $146 ({White should try} 15. Qd3 $14) ({Predecessor:} 15. c3 Bxe4 16. Qxe4 Nc7 17. Bf4 Re8 18. Qd3 Bg5 19. Bg3 Bh4 20. Bf4 Bg5 21. Bg3 Bh4 22. Bf4 Bg5 {½-½ (22) Suran,J (2397)-Biolek,R (2449) Czech Republic 2015}) 15... Bxe4 16. Qxe4 Bxb2 17. Rab1 Be5 ({Much weaker is} 17... Nf6 $6 18. Qd3 $16) 18. Rxb7 Nf6 19. Qf3 Bxf4 20. Qxf4 Nxd5 21. Qf3 Nf6 22. Ree7 a5 23. g4 h6 24. h4 {g5 is the strong threat.} Rb8 25. Ra7 {aiming for g5.} Ra8 $1 26. Rxf7 Rxa7 27. Rxa7 d5 {Strongly threatening ...Ne4.} 28. Qf5 $40 {[%mdl 128] White is up to no good.} Ne4 (28... Qb8 $11 29. Re7 (29. Rxa5 Qb4 $11) 29... Qd6) 29. Qg6 {[%csl Ga7][%cal Rg6g7]} ({Don't play} 29. Qe6+ Kh7 $11) 29... Qf6 30. Qxf6 Rxf6 $14 {[%mdl 4096] Endgame KRB-KRN} 31. Bg2 Rf4 32. Rxa5 g5 33. hxg5 hxg5 34. a4 (34. Bxe4 $16 Rxe4 35. Rxc5) 34... Kf7 35. Rb5 {With the idea a5.} Nf6 (35... Nxf2 $11 36. Bxd5+ Ke7) 36. a5 $16 Rxg4 37. Rxc5 Ke6 {[#]} (37... Rd4 $16 38. a6 Ra4) 38. c4 $1 $18 {[%mdl 576] Hoping for a6. Decoy} Rxc4 $2 {[#]} (38... Rd4 $18 39. Bxd5+ Kd6 40. Rc6+ Ke5) (38... dxc4 39. a6) 39. Bxd5+ $1 {[%mdl 576] Double Attack. Accuracy: White = 63%, Black = 36%.} 1-0

[Event "Lozovatsky Memorial-A 2019"]
[Site "Chelyabinsk"]
[Date "2019.01.20"]
[Round "9"]
[White "Slizhevsky, Alexander"]
[Black "Khanin, Semen"]
[Result "0-1"]
[WhiteElo "2428"]
[BlackElo "2514"]
[Annotator "TA"]
[PlyCount "76"]
[EventDate "2019.01.12"]
[EventType "tourn"]
[EventCountry "RUS"]
[SourceTitle "playchess.com"]
[Source "ChessBase"]
[SourceQuality "1"]

{[%evp 31,76,0,30,-14,-7,-19,-16,-38,-53,-60,508,387,591,0,565,0,0,0,0,-33,-12,-32,-23,-28,0,0,0,0,0,-93,-77,-72,-75,-338,-331,-331,-267,-283,-278,-625,-623,-1684,-1252,-29982,-29983,-29996,-29997]} 1. e4 c5 2. Nf3 e6 3. d4 cxd4 4. Nxd4 Nc6 5. Nc3 Qc7 6. Be2 a6 7. O-O Nf6 8. Kh1 Be7 9. f4 d6 10. a4 O-O 11. Be3 Re8 12. Bg1 Nxd4 13. Qxd4 {B85: Sicilian Scheveningen: 6 Be2 a6, lines with early Be3} e5 14. Qd3 (14. Qd2 exf4 15. a5 Be6 16. Bb6 Qc8 17. Qxf4 Nd7 18. Bd4 Qc7 19. Bg4 Bf6 20. Nd5 Bxd5 21. exd5 {0-1 (40) Azarov,S (2613)-Movsesian,S (2732) Dresden 2008}) 14... exf4 15. Rxf4 Be6 16. Raf1 Rac8 {[#] LiveBook: 4 Games} 17. Rxf6 $146 ({Predecessor:} 17. Bd4 Nd7 18. Bg4 Ne5 19. Bxe6 fxe6 20. Qg3 Rf8 21. Rxf8+ {½-½ (21) Sokolov,A (2604)-Andersson,U (2601) Germany 2002}) 17... Bxf6 {[#]} 18. Rxf6 $1 {[%mdl 512]} gxf6 19. Bd4 Kf8 20. Bxf6 {[#]} Bc4 $2 {[%mdl 8192]} ({But not} 20... d5 $6 21. Qd2 $16) (20... Red8 $1 $15 {keeps the upper hand.}) 21. Qg3 $18 {[%csl Gf6][%cal Rg3g7]} Re6 (21... Re7 $142 22. Nd5 Bxe2 23. Nxc7 Rcxc7 24. Qxd6 Rcd7 25. Bxe7+ Ke8 26. Qb8+ Kxe7 27. Qe5+ Kd8) 22. Qg7+ Ke8 {Strongly threatening ...Rxf6!} 23. Bg4 $2 (23. Nd5 $1 $18 Qa5 24. b4 Qxd5 25. Qg8+ Kd7 26. Qxf7+ (26. exd5 $2 {perishes.} Rxg8 27. dxe6+ Kxe6 $19) 26... Kc6 27. exd5+ Bxd5 28. Bd4) 23... Rxf6 $1 $11 24. Qxf6 Qd8 $36 {[%mdl 2048] Black has good play.} 25. Qh8+ Ke7 26. Qd4 Rc5 27. b4 Rg5 28. Qxc4 Rxg4 {[%mdl 4096] Endgame KQR-KQN} 29. Nd5+ Kf8 30. Qd4 {[#]} (30. Qc3 $11) 30... Qh4 $1 $17 {[%cal Rh4e1] aiming for ...Qe1+.} 31. Qc3 Rg5 32. h3 $2 {[%mdl 8192] [#]} (32. Nf6 $17 {only move.}) 32... Re5 $1 $19 33. Qc7 Rxe4 {...Qg3 is the strong threat.} 34. Qxd6+ Kg7 35. a5 $2 (35. Qc7) 35... Qg5 36. c3 Re6 37. Qc5 Re1+ 38. Kh2 Qe5+ {Precision: White = 40%, Black = 69%.} 0-1

[Event "Lozovatsky Memorial-A 2019"]
[Site "Chelyabinsk"]
[Date "2019.01.20"]
[Round "9"]
[White "Tosic, Miroslav"]
[Black "Drygalov, Andrey"]
[Result "0-1"]
[WhiteElo "2360"]
[BlackElo "2485"]
[Annotator "TA"]
[PlyCount "58"]
[EventDate "2019.01.12"]
[EventType "tourn"]
[EventCountry "RUS"]
[SourceTitle "playchess.com"]
[Source "ChessBase"]
[SourceQuality "1"]

{[%evp 20,58,16,10,18,12,14,-1,54,31,34,0,0,0,0,0,0,0,0,0,0,-47,-5,-6,47,47,55,48,48,33,102,103,113,-107,-105,-145,-86,-570,-587,-1628,-1597]} 1. d4 Nf6 2. Nf3 g6 3. g3 d5 4. Bg2 Bg7 5. O-O O-O 6. Nbd2 c6 7. c4 a5 8. b3 Bf5 9. Nh4 Be6 10. Bb2 a4 {D78: Fianchetto Grünfeld: 6 0-0 c6} 11. Qc2 {LiveBook: 13 Games} Qa5 (11... Nbd7 12. c5 Ne8 13. Rad1 axb3 14. axb3 Nc7 15. Ra1 Nb5 16. Rxa8 Qxa8 17. Ra1 {0-1 (77) Maghsoodloo,P (2638)-Kokarev,D (2603) Voronezh 2018}) 12. Bc3 Qa6 {[%cal Rd5c4] The position is equal.} 13. e4 $146 ({Predecessor:} 13. c5 Nbd7 14. e3 b6 15. b4 Ne8 16. f4 Bg4 17. Rf2 {½-½ (27) Bolduc,S (2230)-Meszaros,M (2418) Montreal 2011}) 13... dxc4 (13... dxe4 $11 14. Nxe4 Nxe4 15. Bxe4 (15. Qxe4 Qb6 $11) 15... Nd7) 14. Nhf3 Nbd7 15. Ng5 (15. Rfb1 {is interesting.} b5 16. bxc4 Bxc4 17. Nxc4 bxc4 18. Bf1) 15... cxb3 16. axb3 Bxb3 17. Nxb3 axb3 18. Qxb3 Qb6 19. Qc4 {[#] Strongly threatening Rxa8.} Rxa1 20. Rxa1 e6 21. Bh3 Re8 (21... Kh8 $11) 22. Nxe6 $1 $14 fxe6 23. Bxe6+ Kh8 {[#] Threatens to win with ...Nf8.} 24. e5 Qd8 ({Black should play} 24... Rf8 $14) 25. exf6 $16 Nxf6 26. Rb1 $2 (26. Bf7 $16 Re7 27. Bb4) 26... Ne4 $36 {[%mdl 2048] And now ...Qf6 would win. White is under strong pressure.} 27. Be1 {d5 would now be nice for White.} Qxd4 (27... Bxd4 $142 28. Kg2 Qf6) 28. Qa2 $2 {[%mdl 8192]} (28. Qxd4 $17 Bxd4 29. Bg4) 28... Ng5 $19 {aiming for ...Nf3+.} 29. Bc4 Qe4 {Precision: White = 21%, Black = 35%.} 0-1